Clubs ayant remporté la LDC - Mort Subite - Statistiques

Statistiques générales
  • Ce quiz a été pris 643 fois
    317 depuis la dernière actualisation
  • Le résultat moyen est 12 sur 16
Answers on the Grid
Answers color-coded by a green-red scale on the quiz's grid according to % correct below.
Feyenoord Rotterdam
Aston Villa
Étoile rouge de Belgrade
Olympique de Marseille
Manchester City
Steaua Bucarest
Hambourg SV
Celtic Glasgow
Borussia Dortmund
FC Porto
Benfica Lisbonne
PSV Eindhoven
Nottingham Forest
Inter Milan
Ajax Amsterdam
AC Milan
Atlético de Madrid
Valence CF
ACF Fiorentina
Eintracht Francfort
Bayer 04 Leverkusen
Arsenal FC
Tottenham Hotspur
AS Rome
 
Statistiques - réponses
Réponse % Correct
Manchester City
87%
AC Milan
86%
Inter Milan
85%
Olympique de Marseille
85%
Ajax Amsterdam
79%
FC Porto
79%
Nottingham Forest
75%
Étoile rouge de Belgrade
74%
Celtic Glasgow
71%
Borussia Dortmund
69%
Benfica Lisbonne
67%
PSV Eindhoven
64%
Aston Villa
63%
Hambourg SV
60%
Steaua Bucarest
60%
Feyenoord Rotterdam
58%
Aucun quiz correspondant
Distribution des résultats
% des personnes avec chaque résultat
Percentile par nombre de réponses
Votre historique - résultats
Vous n’avez pas pris ce quiz depuis la dernière actualisation